Методы и средства информационной технологии в науке и производстве: Сборник статей

Dades bibliogràfiques
Altres autors: Юсупов Р. М
Idioma:rus
Publicat: СПб., Наука, 1992
Matèries:
Format: MixedMaterials Llibre
KOHA link:https://koha.lib.tpu.ru/cgi-bin/koha/opac-detail.pl?biblionumber=28927

MARC

LEADER 00000nam0a2200000 4500
001 28927
005 20231030203036.0
010 |a 5020245720 
035 |a (RuTPU)RU\TPU\book\29185 
035 |a BOOK00029260 
090 |a 28927 
100 |a 20011209d1992 k y0rusy50 ca 
101 0 |a rus 
102 |a RU 
105 |a a 000|y 
200 1 |a Методы и средства информационной технологии в науке и производстве  |e Сборник статей  |f Под ред. Р. М. Юсупова 
210 |a СПб.  |c Наука  |d 1992 
215 |a 262 с.  |c ил. 
320 |a Библиогр. в конце статей 
610 1 |a информатика 
610 1 |a информационные технологии 
610 1 |a алгоритмы 
610 1 |a моделирование 
610 1 |a информационные системы 
675 |a 681.3.01  |v 3 
702 1 |a Юсупов  |b Р. М 
801 0 |a RU  |b 63413507  |c 20011209  |g PSBO 
801 2 |a RU  |b 63413507  |c 20051128  |g PSBO 
942 |c BK